Statistics for Con- Vocabulary Words #1

Click here to take the quiz!

General Stats

  • This quiz has been taken 51 times
  • The average score is 13 of 20

Answer Stats

HintAnswer% Correct
Not a vowelConsonant
96%
Trees with cones and needles, e.g. pines, cedarsConifer
87%
Supersonic passenger airlinerConcorde
83%
BewilderConfuse / Confound
83%
Orion, Ursa Major, The Big DipperConstellation
78%
Colorful celebratory scraps of paperConfetti
76%
Not concaveConvex
76%
Massive American bird, California or AndeanCondor
72%
The Pantheon and Colosseum were built largely of this materialConcrete
70%
Prophylactic, jimmy, rubberCondom
67%
An advocate for the preservation of natureConservationist
65%
To change the form of a verbConjugate
63%
Comic-Con, E3, Anime ExpoConvention / Conference
59%
Secondary, lower status wife in polygamous societiesConcubine
50%
The best kind of prison visitConjugal
50%
To make something appear seemingly out of nowhereConjure
48%
Perplexing problemConundrum
46%
CoagulateCongeal
41%
To take over by forceConquer
39%
Space-time, light, personality traits, and intelligence exist on theseContinuums
26%

Score Distribution

Percentile by Number Answered

Percent of People with Each Score

Your Score History

You have not taken this quiz